International Congress Calendar 33rd Editional (1993) Vol. 4

Bibliographic Details
Format: Book
Language:Undetermined
PhysicalDescription:498 s.
Published: Brussels Union of International Associations 1993

MARC

LEADER 00000nam a2200000 a 4500
001 vtls001341532
003 SK-MaSNL
005 20260224064501.0
008 980910s1993 xx 0 und
035 |a SNK000294678 
040 |a SNK  |b slo  |c SNK  |e AACR2 
245 1 |a International Congress Calendar  |b 33rd Editional (1993) Vol. 4 
260 |a Brussels  |b Union of International Associations  |c 1993 
300 |a 498 s. 
999 |c 891431  |d 893361 
952 |a SNK  |b SNK  |y NEVYP  |7 0  |p 17A0133821  |0 0  |1 0  |4 0  |d 1998-09-10  |l 0  |r 2005-01-02 00:00:00  |w 2026-02-24